000 00604nam a2200181Ia 4500
005 20250508153809.0
008 008 250505s9999 xx 000 0 eng d
037 _aBooks to be hide in OPAC
040 _aFEDL
_beng
_cFEDL
041 _aeng
_2eng
084 _a370.58, EDU/O
_qFEDL
100 _aKandel I L
245 0 _aEducational year book of the international institute of teachers college Columbia University 1941: The end of an era
260 _aNew York, USA
_bBureau of Publications
_c1941
300 _axviii,393p.
942 _cHB
_h370.58, EDU/O
999 _c1345553
_d1345553